000 00338nam a22001457a 4500
008 210428b ||||| |||| 00| 0 eng d
020 _a9780826122469
041 _aeng
080 _a316
082 _a316
100 _a50
101 _aSOC
245 _aMulticultural Measurement in Older Populations
_cSkinner,J.H
942 _2udc
_cBK
999 _c56892
_d56892